South Eastern Kenya University

Library Online Public Access Catalogue


Elements of literature : (Record no. 9346)

MARC details
000 -LEADER
fixed length control field 00815cjm a22002775a 4500
001 - CONTROL NUMBER
control field 12601290
003 - CONTROL NUMBER IDENTIFIER
control field OSt
005 - DATE AND TIME OF LATEST TRANSACTION
control field 20160510144917.0
008 - FIXED-LENGTH DATA ELEMENTS--GENERAL INFORMATION
fixed length control field 011128s199u xxuuun
010 ## - LIBRARY OF CONGRESS CONTROL NUMBER
LC control number 2001575586
020 ## - INTERNATIONAL STANDARD BOOK NUMBER
International Standard Book Number 9780030946196
020 ## - INTERNATIONAL STANDARD BOOK NUMBER
International Standard Book Number 0030946190
028 02 - PUBLISHER NUMBER
Publisher number 9-99-752721-6
Source Holt Rinehart Wilson
035 ## - SYSTEM CONTROL NUMBER
System control number (DLC) 2001575586
035 ## - SYSTEM CONTROL NUMBER
System control number (DLC)12601290
040 ## - CATALOGING SOURCE
Original cataloging agency SEKU
050 00 - LIBRARY OF CONGRESS CALL NUMBER
Classification number PE 1117
Item number .P3
100 ## - MAIN ENTRY--PERSONAL NAME
Relator code Parrish, Richard D.
245 00 - TITLE STATEMENT
Title Elements of literature :
Remainder of title literature of Britain /
Statement of responsibility, etc. Richard D. Parrish ; June Pixton Gaede.
260 ## - PUBLICATION, DISTRIBUTION, ETC. (IMPRINT)
Place of publication, distribution, etc. Austin :
Name of publisher, distributor, etc. Holt Rinehart and Winston,
Date of publication, distribution, etc. 1993.
300 ## - PHYSICAL DESCRIPTION
Extent 324 p.
650 ## - SUBJECT ADDED ENTRY--TOPICAL TERM
Topical term or geographic name as entry element Literature
Form subdivision Study and teaching
650 ## - SUBJECT ADDED ENTRY--TOPICAL TERM
Topical term or geographic name as entry element English literature
Form subdivision Study and teaching
700 ## - ADDED ENTRY--PERSONAL NAME
Relator code Gaede, June Pixton.
942 ## - ADDED ENTRY ELEMENTS (KOHA)
Source of classification or shelving scheme Library of Congress Classification
Koha item type General circulation
Holdings
Withdrawn status Lost status Source of classification or shelving scheme Damaged status Not for loan Home library Current library Shelving location Date acquired Source of acquisition Total Checkouts Full call number Barcode Date last seen Price effective from Koha item type Public note
    Library of Congress Classification     Main Campus Library Main Campus Library General Stacks 06/10/2015 Donations- Books for Africa   PE 1117 .P3 2015/008587 06/10/2015 06/10/2015 General circulation em
Kitui, Kenya.
+254736116989
library@seku.ac.ke